Normatividad y psicología cognitiva: la propuesta naturalizada de M. Bishop y J. D. Trout /
Salvato in:
| Autore principale: | |
|---|---|
| Natura: | testo |
| Tags: |
Aggiungi Tag
Nessun Tag, puoi essere il primo ad aggiungerne!!
|
MARC
| LEADER | 00000 a a2200000 04500 | ||
|---|---|---|---|
| 001 | 48883 | ||
| 003 | |||
| 040 | |||
| 100 | |a García Campos, Jonatan | ||
| 245 | |a Normatividad y psicología cognitiva: |b la propuesta naturalizada de M. Bishop y J. D. Trout / |c Jonatan García Campos | ||
| 773 | |a volumen53, número135, (2014), páginas 25-37 | ||
| 999 | |c 27637 |d 27637 | ||
